| 000 | 00449nam a2200181Ia 4500 | ||
|---|---|---|---|
| 005 | 20250508151823.0 | ||
| 008 | 008 250505s9999 xx 000 0 eng d | ||
| 037 | _aTextual | ||
| 040 |
_aFEDL _beng _cFEDL |
||
| 041 |
_aeng _2eng |
||
| 084 |
_a372.891, STO _qFEDL |
||
| 245 | 0 | _aNear and far | |
| 245 | 0 | _cBook 1 South Africa | |
| 260 | _c1955 | ||
| 300 | _a116p. | ||
| 942 |
_cTEXL _h372.891, STO |
||
| 999 |
_c1332311 _d1332311 |
||